Statystyki dla Wszystkie skiny do Desert Eagle w CS:GO

Kliknij tutaj aby rozwiązać quiz!

Ogólne statystyki

  • Ten quiz został rozwiązany 45 razy
    (42 od ostatniego zresetowania)
  • Średni wynik to 11 z 31

Statystyki odpowiedzi

Rodzaj (Kolor)Skin% Poprawnych
FioletowyBlaze
77%
CzerwonyPrintstream
73%
CzerwonyCode Red
69%
RóżowyMecha Industries
69%
CzerwonyGolden Koi
62%
RóżowyConspiracy
54%
RóżowyKumicho Dragon
50%
NiebieskiMidnight Storm
46%
NiebieskiMudder
46%
NiebieskiOxide Blaze
42%
FioletowySunset Storm
42%
NiebieskiThe Bronze
42%
NiebieskiBronze Deco
38%
RóżowyCobalt Disruption
38%
FioletowyCrimson Web
38%
NiebieskiUrban DDPAT
38%
NiebieskiNight
35%
NiebieskiBlue Ply
27%
FioletowyEmerald Jörmungandr
27%
FioletowyHand Cannon
27%
RóżowyHypnotic
27%
FioletowyLight Rail
27%
FioletowyNaga
27%
NiebieskiCorinthian
23%
FioletowyDirective
23%
FioletowyPilot
19%
FioletowyTrigger Discipline
15%
FioletowyHeirloom
12%
NiebieskiUrban Rubble
12%
NiebieskiMeteorite
8%
NiebieskiNight Heist
8%

Rozkład punktacji

Percentyl według liczby udzielonych odpowiedzi

Procent ludzi z każdym wynikiem

Twoja historia wyników

Nie rozwiązałeś tego quizu od ostatniego zresetowania